[Event "London Classic op 10th"]
[Site "London"]
[Date "2018.12.14"]
[Round "6"]
[White "Basnayake, IU."]
[Black "Flear, Christine"]
[Result "1/2-1/2"]
[WhiteElo "1692"]
[BlackElo "2055"]
[PlyCount "49"]
[EventDate "2018.12.09"]
[EventType "swiss"]
[EventRounds "9"]
[EventCountry "ENG"]
[SourceTitle "CBM 187 Extra"]
[Source "ChessBase"]
[SourceDate "2018.11.04"]
[SourceVersion "1"]
[SourceVersionDate "2018.11.04"]
[SourceQuality "1"]

1. e4 c5 2. Nf3 g6 3. d4 cxd4 4. Nxd4 Bg7 5. Nc3 Nc6 6. Be3 Nf6 7. Bc4 Qa5 8. 0-0 0-0 9. Bb3 d6 10. h3 Bd7 11. Qd2 Nxe4 12. Nxc6 Nxd2 13. Nxa5 Nxf1 14. Rxf1 b6 15. Nc4 Bc6 16. Rd1 Rfd8 17. Bg5 Rd7 18. Nd5 Bf8 19. Ncxb6 axb6 20. Nxb6 Ra5 21. Bd2 Ra6 22. Nxd7 Bxd7 23. Bc3 Ra7 24. Re1 Bc6 25. a3 1/2-1/2

[Event "London Classic op 10th"]
[Site "London"]
[Date "2018.12.11"]
[Round "3"]
[White "Flear, Christine"]
[Black "Mihalik, Agoston"]
[Result "0-1"]
[WhiteElo "2055"]
[BlackElo "2220"]
[PlyCount "86"]
[EventDate "2018.12.09"]
[EventType "swiss"]
[EventRounds "9"]
[EventCountry "ENG"]
[SourceTitle "CBM 187 Extra"]
[Source "ChessBase"]
[SourceDate "2018.11.04"]
[SourceVersion "1"]
[SourceVersionDate "2018.11.04"]
[SourceQuality "1"]

1. d4 Nf6 2. c4 e6 3. g3 c5 4. d5 exd5 5. cxd5 d6 6. Nc3 g6 7. Bg2 Bg7 8. Nf3 0-0 9. 0-0 Re8 10. Bf4 Ne4 11. Nxe4 Rxe4 12. Nd2 Rxf4 13. gxf4 Bxb2 14. Rb1 Bg7 15. e4 Nd7 16. Qf3 Bh6 17. Nc4 Qf6 18. Nxd6 Qxd6 19. e5 Qe7 20. Rfe1 Nf8 21. e6 fxe6 22. Qh3 Bxf4 23. dxe6 Bxe6 24. Rxb7 Bxh3 25. Rexe7 Bxg2 26. Kxg2 a5 27. h3 Rc8 28. Kf3 Bd6 29. Re2 c4 30. Rc2 c3 31. Ke4 Bb4 32. Rb6 Nd7 33. Rb5 Nc5+ 34. Ke3 Re8+ 35. Kf3 Nd3 36. Kg3 Ne1 37. Rc1 c2 38. Rd5 Ba3 39. Rxc2 Nxc2 40. Rxa5 Bd6+ 41. Kg2 Kf7 42. a4 Ne1+ 43. Kf1 Nd3 0-1

[Event "FRA-chT Top 12 (Women) GpA"]
[Site "Rungis"]
[Date "2018.05.06"]
[Round "3.7"]
[White "Flear, Christine"]
[Black "Dornbusch, Tatiana"]
[Result "0-1"]
[WhiteElo "2090"]
[BlackElo "2290"]
[PlyCount "56"]
[EventDate "2018.05.05"]
[EventType "team-tourn"]
[EventRounds "5"]
[EventCountry "FRA"]
[SourceTitle "CBM 184 Extra"]
[Source "ChessBase"]
[SourceDate "2018.06.28"]
[SourceVersion "1"]
[SourceVersionDate "2018.06.28"]
[SourceQuality "1"]
[WhiteTeam "Montpellier (W)"]
[BlackTeam "Monaco (W)"]
[WhiteTeamCountry "FRA"]
[BlackTeamCountry "MNC"]

1. d4 Nf6 2. c4 c5 3. d5 b5 4. Qc2 d6 5. e4 b4 6. a3 bxa3 7. Rxa3 g6 8. h3 Bg7 9. Nf3 Nxe4 10. Qxe4 Bf5 11. Qh4 Bxb1 12. Re3 0-0 13. Qxe7 Na6 14. Qxd8 Rfxd8 15. Nd2 Bc2 16. Be2 Re8 17. Bd1 Nb4 18. 0-0 Rxe3 19. fxe3 Bd3 20. b3 Bxf1 21. Nxf1 Nd3 22. Bd2 a5 23. e4 a4 24. bxa4 Nb2 25. Be2 Rxa4 26. Ne3 Bd4 27. Kh2 Bxe3 28. Bxe3 Nxc4 0-1

[Event "Espalion op 2nd"]
[Site "Espalion"]
[Date "2017.07.19"]
[Round "6"]
[White "Flear, Christine"]
[Black "Lagunes, Jean Renaud"]
[Result "1/2-1/2"]
[WhiteElo "2078"]
[BlackElo "1951"]
[PlyCount "64"]
[EventDate "2017.07.15"]
[EventType "swiss"]
[EventRounds "9"]
[EventCountry "FRA"]
[SourceTitle "CBM 179 Extra"]
[Source "ChessBase"]
[SourceDate "2017.08.23"]
[SourceVersion "1"]
[SourceVersionDate "2017.08.23"]
[SourceQuality "1"]

1. d4 Nf6 2. c4 g6 3. Nc3 Bg7 4. e4 d6 5. Be2 0-0 6. Bg5 Nc6 7. d5 Nb8 8. h3 Na6 9. Nf3 Nc5 10. Qc2 a5 11. 0-0 Nh5 12. g4 Bxc3 13. bxc3 Ng7 14. Nd4 f6 15. Be3 e5 16. dxe6 Ngxe6 17. f4 Qe7 18. Bf3 c6 19. Rad1 a4 20. Rfe1 Ra5 21. Bg2 Ng7 22. f5 g5 23. Bf2 Qf7 24. Bg3 Ne8 25. Bf1 Qc7 26. Qh2 Rf7 27. Nc2 Re7 28. Bxd6 Nxd6 29. Qxd6 Qxd6 30. Rxd6 Bd7 31. Bg2 Kf7 32. Nb4 a3 1/2-1/2

[Event "FRA-chT Top 12 (Women) GpA"]
[Site "Mulhouse"]
[Date "2017.05.07"]
[Round "3.1"]
[White "Vette, Valerie"]
[Black "Flear, Christine"]
[Result "1/2-1/2"]
[WhiteElo "1742"]
[BlackElo "2095"]
[PlyCount "54"]
[EventDate "2017.05.05"]
[EventType "team-tourn"]
[EventRounds "5"]
[EventCountry "FRA"]
[SourceTitle "CBM 178 Extra"]
[Source "ChessBase"]
[SourceDate "2017.06.22"]
[SourceVersion "1"]
[SourceVersionDate "2017.06.22"]
[SourceQuality "1"]
[WhiteTeam "Vaucluse (W)"]
[BlackTeam "Montpellier (W)"]
[WhiteTeamCountry "FRA"]
[BlackTeamCountry "FRA"]

1. e4 c5 2. c3 Nf6 3. e5 Nd5 4. Bc4 Nb6 5. Bb3 c4 6. Bc2 Nc6 7. Nf3 d6 8. exd6 Qxd6 9. d4 Bg4 10. Qe2 e6 11. Nbd2 Na5 12. 0-0 Be7 13. Re1 0-0 14. h3 Bxf3 15. Qxf3 Nd5 16. Nxc4 Nxc4 17. Qd3 g6 18. Qxc4 Rfc8 19. Qe2 Bf6 20. Bh6 b5 21. Be4 Rab8 22. Qf3 Rb6 23. Rac1 Qd8 24. Re2 Rd6 25. a3 a6 26. Rd1 a5 27. Bd3 Rb6 1/2-1/2

[Event "BCF-chT2 1617 (4NCL) Demotion pool"]
[Site "England"]
[Date "2017.04.30"]
[Round "10.56"]
[White "Green, Anthony J"]
[Black "Flear, Christine"]
[Result "1/2-1/2"]
[WhiteElo "1975"]
[BlackElo "2088"]
[PlyCount "58"]
[EventDate "2016.11.19"]
[EventType "team-tourn"]
[EventRounds "11"]
[EventCountry "ENG"]
[SourceTitle "EXT 2019"]
[Source "ChessBase"]
[SourceDate "2018.10.10"]
[SourceVersion "1"]
[SourceVersionDate "2018.10.10"]
[SourceQuality "1"]
[WhiteTeam "Warwicks Select II"]
[BlackTeam "Guildford III"]
[WhiteTeamCountry "ENG"]
[BlackTeamCountry "ENG"]

1. d4 d5 2. c4 e6 3. Nc3 Be7 4. cxd5 exd5 5. Bf4 c6 6. e3 Bf5 7. g4 Be6 8. h3 Nf6 9. Bg2 0-0 10. Nge2 a5 11. 0-0 Re8 12. Bh2 b5 13. Rc1 h6 14. Nf4 Bd6 15. Nd3 Bxh2+ 16. Kxh2 Qd6+ 17. f4 Nfd7 18. Kh1 Nb6 19. b3 b4 20. Na4 Nxa4 21. bxa4 f6 22. Qc2 Bf7 23. Rfe1 h5 24. Nc5 hxg4 25. hxg4 Ra7 26. Bf1 Rae7 27. Qf2 Nd7 28. Nxd7 Qxd7 29. f5 Qd6 1/2-1/2

[Event "BCF-chT2 1617 (4NCL) Demotion pool"]
[Site "England"]
[Date "2017.04.29"]
[Round "9.85"]
[White "Amato, Giampiero"]
[Black "Flear, Christine"]
[Result "1-0"]
[WhiteElo "2067"]
[BlackElo "2088"]
[PlyCount "81"]
[EventDate "2016.11.19"]
[EventType "team-tourn"]
[EventRounds "11"]
[EventCountry "ENG"]
[SourceTitle "EXT 2019"]
[Source "ChessBase"]
[SourceDate "2018.10.10"]
[SourceVersion "1"]
[SourceVersionDate "2018.10.10"]
[SourceQuality "1"]
[WhiteTeam "CSC Dragons"]
[BlackTeam "Guildford III"]
[WhiteTeamCountry "ENG"]
[BlackTeamCountry "ENG"]

1. e4 c5 2. Nf3 e6 3. d4 cxd4 4. Nxd4 a6 5. Bd3 Bc5 6. Nb3 Be7 7. 0-0 d6 8. Nc3 Nf6 9. f4 Qc7 10. Bd2 Nc6 11. a3 h5 12. Qf3 Bd7 13. Rae1 0-0-0 14. a4 Ng4 15. a5 Bf6 16. e5 dxe5 17. Ne4 exf4 18. Bxf4 Be5 19. Bxe5 Ncxe5 20. Qh3 Nxd3 21. cxd3 Bc6 22. Nec5 Kb8 23. Rc1 Rd5 24. Rc4 Re5 25. Rxg4 hxg4 26. Qxh8+ Ka7 27. Ne4 f5 28. Nc3 Qd7 29. d4 Re3 30. Qf8 g3 31. Qc5+ Kb8 32. h3 Rd3 33. Qe5+ Ka8 34. Rd1 Rxd1+ 35. Nxd1 Ba4 36. Nc5 Qb5 37. Nc3 Qxb2 38. Qxg3 Bc6 39. Nxe6 Qa1+ 40. Kh2 Qxa5 41. d5 1-0

[Event "BCF-chT2b 1617 (4NCL)"]
[Site "England"]
[Date "2016.11.19"]
[Round "1.83"]
[White "Bak, Andrew"]
[Black "Flear, Christine"]
[Result "1/2-1/2"]
[WhiteElo "2041"]
[BlackElo "2127"]
[PlyCount "127"]
[EventDate "2016.11.19"]
[EventType "team-tourn"]
[EventRounds "11"]
[EventCountry "ENG"]
[SourceTitle "EXT 2019"]
[Source "ChessBase"]
[SourceDate "2018.10.10"]
[SourceVersion "1"]
[SourceVersionDate "2018.10.10"]
[SourceQuality "1"]
[WhiteTeam "Bradford DCA Knights"]
[BlackTeam "Guildford III"]
[WhiteTeamCountry "ENG"]
[BlackTeamCountry "ENG"]

1. e4 c5 2. Nf3 e6 3. d4 cxd4 4. Nxd4 a6 5. c4 d6 6. Be3 Nf6 7. Nc3 Be7 8. Be2 0-0 9. 0-0 Bd7 10. a3 Nc6 11. b4 Rc8 12. f4 e5 13. Nf5 Bxf5 14. exf5 Nd7 15. Nd5 exf4 16. Bxf4 Nce5 17. Rc1 Re8 18. Qd2 Nb6 19. c5 Nxd5 20. Qxd5 dxc5 21. Qxd8 Bxd8 22. bxc5 Be7 23. Be3 Nd7 24. c6 Rxc6 25. Rxc6 bxc6 26. Bxa6 Bxa3 27. Bf2 Nc5 28. Bxc5 Bxc5+ 29. Kh1 Bd4 30. g4 h6 31. Kg2 c5 32. Rc1 Ra8 33. Bc4 Rb8 34. Rc2 Kf8 35. Kf3 Ke7 36. h4 Rb7 37. Bd5 Rd7 38. Bc4 Bf6 39. h5 Bd4 40. Be2 Kf6 41. Kf4 Re7 42. Bc4 Be5+ 43. Kf3 Rd7 44. Be2 Bd4 45. Kf4 Ra7 46. Bc4 Be5+ 47. Ke4 Rd7 48. Be2 Rd4+ 49. Ke3 Bf4+ 50. Kf3 Bd6 51. Rc4 Rd2 52. Ke3 Rb2 53. Bf3 Rb3+ 54. Ke4 Kg5 55. Bd1 Rb1 56. Bf3 Be7 57. Ke3 Rb2 58. Bd1 Bd6 59. Kf3 Rb1 60. Be2 Rb3+ 61. Ke4 Bf4 62. Kd5 Re3 63. Re4 Rc3 64. Rc4 1/2-1/2

[Event "FRA-ch rapid (Women)"]
[Site "Monteux"]
[Date "2016.06.11"]
[Round "4"]
[White "Flear, Christine"]
[Black "Soubirou, Oriane"]
[Result "1/2-1/2"]
[WhiteElo "2127"]
[BlackElo "2077"]
[PlyCount "64"]
[EventDate "2016.06.11"]
[EventType "swiss (rapid)"]
[EventRounds "9"]
[EventCountry "FRA"]
[SourceTitle "CBM 173 Extra"]
[Source "ChessBase"]
[SourceDate "2016.08.29"]
[SourceVersion "1"]
[SourceVersionDate "2016.08.29"]
[SourceQuality "1"]

1. d4 e6 2. Nf3 f5 3. g3 Nf6 4. Bg2 Be7 5. 0-0 0-0 6. c4 d6 7. b3 a5 8. Bb2 Ne4 9. Nfd2 Nxd2 10. Nxd2 Bf6 11. e4 Nc6 12. exf5 Bxd4 13. Bxd4 Nxd4 14. fxe6 Bxe6 15. Nf3 Nxf3+ 16. Bxf3 Bh3 17. Bg2 Bxg2 18. Kxg2 b6 19. Qd5+ Kh8 20. Rae1 Qf6 21. Re6 Qf7 22. f4 a4 23. b4 a3 24. Rfe1 Kg8 25. Qc6 Qf5 26. Re7 g5 27. Qe4 Qxe4+ 28. R1xe4 gxf4 29. gxf4 Rf7 30. Re8+ Rf8 31. R8e7 Rf7 32. Re8+ Rf8 1/2-1/2

[Event "FRA-ch (Women)"]
[Site "Saint Quentin"]
[Date "2015.08.17"]
[Round "8"]
[White "Flear, Christine"]
[Black "Alexieva, Silvia"]
[Result "0-1"]
[WhiteElo "2172"]
[BlackElo "2325"]
[PlyCount "76"]
[EventDate "2015.08.09"]
[EventType "tourn"]
[EventRounds "11"]
[EventCountry "FRA"]
[SourceTitle "EXT 2016"]
[Source "ChessBase"]
[SourceDate "2015.10.08"]
[SourceVersion "1"]
[SourceVersionDate "2015.10.08"]
[SourceQuality "1"]

1. d4 Nf6 2. c4 e6 3. Nf3 Bb4+ 4. Bd2 c5 5. e3 Nc6 6. Bd3 0-0 7. 0-0 d6 8. Bxb4 cxb4 9. Nbd2 a5 10. Rc1 b6 11. Ne4 Bb7 12. Ng3 g6 13. h4 Qe7 14. Re1 e5 15. Bb1 Rac8 16. Nh2 Ne8 17. h5 f5 18. hxg6 hxg6 19. d5 Nb8 20. f4 e4 21. Ne2 Na6 22. Nd4 Nc5 23. Re2 Qh4 24. Qe1 Qxe1+ 25. Rexe1 Nf6 26. b3 Kf7 27. Rcd1 Rh8 28. Bc2 Rh7 29. Rd2 Rch8 30. Nf1 Rh1+ 31. Kf2 Ng4+ 32. Ke2 Rg1 33. g3 Rhh1 34. Rb1 Nh2 35. Kf2 Ng4+ 36. Ke2 Kf6 37. Rdd1 Rg2+ 38. Ke1 Nxe3 0-1

[Event "FRA-ch (Women)"]
[Site "Saint Quentin"]
[Date "2015.08.12"]
[Round "4"]
[White "Flear, Christine"]
[Black "Leconte, Maria"]
[Result "0-1"]
[WhiteElo "2172"]
[BlackElo "2251"]
[PlyCount "84"]
[EventDate "2015.08.09"]
[EventType "tourn"]
[EventRounds "11"]
[EventCountry "FRA"]
[SourceTitle "EXT 2016"]
[Source "ChessBase"]
[SourceDate "2015.10.08"]
[SourceVersion "1"]
[SourceVersionDate "2015.10.08"]
[SourceQuality "1"]

1. d4 e6 2. c4 Bb4+ 3. Bd2 a5 4. Nf3 Nf6 5. Nc3 d6 6. Rc1 Nbd7 7. a3 Bxc3 8. Bxc3 Qe7 9. b4 axb4 10. axb4 e5 11. e3 0-0 12. Be2 e4 13. Nd2 d5 14. Qb3 dxc4 15. Nxc4 Nd5 16. 0-0 Qg5 17. Bd2 N7f6 18. f4 Qf5 19. Ne5 h5 20. b5 Be6 21. Qb2 Nxe3 22. Bxe3 Ra2 23. Qxa2 Bxa2 24. Rc5 Nd5 25. Bc1 f6 26. Bc4 Bxc4 27. Nxc4 Qd7 28. Ne3 Ne7 29. Bb2 b6 30. Rxh5 Ra8 31. Rd1 Ra2 32. Rd2 g6 33. Rh3 Qxb5 34. Nd1 Nd5 35. Nc3 Nxc3 36. Bxc3 Rxd2 37. Bxd2 Qe2 38. Bc3 e3 39. Rf3 Qd1+ 40. Rf1 e2 41. Re1 Qd3 42. Ba1 Qe3+ 0-1

[Event "FRA-ch (Women)"]
[Site "Saint Quentin"]
[Date "2015.08.11"]
[Round "3"]
[White "Flear, Christine"]
[Black "Choisy, Mathilde"]
[Result "0-1"]
[WhiteElo "2172"]
[BlackElo "2170"]
[PlyCount "106"]
[EventDate "2015.08.09"]
[EventType "tourn"]
[EventRounds "11"]
[EventCountry "FRA"]
[SourceTitle "EXT 2016"]
[Source "ChessBase"]
[SourceDate "2015.10.08"]
[SourceVersion "1"]
[SourceVersionDate "2015.10.08"]
[SourceQuality "1"]

1. d4 Nf6 2. c4 g6 3. Nc3 Bg7 4. e4 d6 5. Nf3 0-0 6. h3 e5 7. d5 Na6 8. Be2 Nc5 9. Qc2 a5 10. g4 c6 11. Be3 Qe7 12. Nd2 Nfd7 13. Rg1 Rd8 14. 0-0-0 Na6 15. Nf3 Ndc5 16. Kb1 Bd7 17. Qd2 Be8 18. Bg5 Bf6 19. h4 Nc7 20. Bxf6 Qxf6 21. h5 b5 22. g5 Qe7 23. dxc6 Bxc6 24. Nd5 Bxd5 25. exd5 bxc4 26. Bxc4 Rdb8 27. hxg6 fxg6 28. Qe3 Rb4 29. Nxe5 Qxe5 30. Qxe5 dxe5 31. d6+ Rxc4 32. dxc7 Ne6 33. Rd5 e4 34. Re5 Nxc7 35. Rd1 Re8 36. Rxa5 Ne6 37. Rd6 Rd4 38. Rc6 Rd1+ 39. Kc2 Rf1 40. Kd2 Rxf2+ 41. Ke3 Rf3+ 42. Kxe4 Nxg5+ 43. Kd4 Re4+ 44. Kc5 Rf5+ 45. Kb6 Rb4+ 46. Ka6 Rxa5+ 47. Kxa5 Rxb2 48. a4 Kf7 49. Rb6 Ra2 50. Kb5 h5 51. a5 Ne6 52. Rb7+ Kf6 53. a6 Rxa6 0-1

[Event "Hastings Masters op 90th"]
[Site "Hastings"]
[Date "2014.12.31"]
[Round "3"]
[White "Flear, Christine"]
[Black "Fleming, Andrew"]
[Result "1-0"]
[WhiteElo "2181"]
[BlackElo "1928"]
[PlyCount "89"]
[EventDate "2014.12.29"]
[EventType "swiss"]
[EventRounds "9"]
[EventCountry "ENG"]
[SourceTitle "CBM 164 Extra"]
[Source "ChessBase"]
[SourceDate "2015.03.02"]
[SourceVersion "1"]
[SourceVersionDate "2015.03.02"]
[SourceQuality "1"]

1. d4 e6 2. c4 Nf6 3. g3 d5 4. Bg2 Be7 5. Nf3 0-0 6. 0-0 Nbd7 7. Qc2 c5 8. cxd5 Nxd5 9. a3 Qc7 10. e4 cxd4 11. Qxc7 Nxc7 12. Nxd4 Bf6 13. Be3 Ne5 14. Nd2 Ng4 15. Rac1 Nxe3 16. fxe3 e5 17. N4f3 Ne6 18. Nc4 Ng5 19. Nfd2 Bd7 20. h4 Ne6 21. Nf3 Bb5 22. Rfe1 Rac8 23. Ncxe5 Nc5 24. Bh3 Ne6 25. b3 Rxc1 26. Rxc1 Rd8 27. Bxe6 fxe6 28. Rc7 Ba6 29. Nd7 Bb2 30. Nd4 Re8 31. Nc5 Bc1 32. Ndxe6 Bxe3+ 33. Kg2 Bh6 34. Nd4 Be3 35. Nde6 Bh6 36. Nf4 Rf8 37. Nce6 Re8 38. Kf3 g6 39. Nc5 Bf8 40. Nxa6 bxa6 41. Rxa7 Rc8 42. Nd5 Rc6 43. b4 h6 44. e5 Kh8 45. Nf6 1-0